MARC details
| 000 -LEADER |
| fixed length control field |
01336cam a2200349 a 4500 |
| 001 - CONTROL NUMBER |
| control field |
12824981 |
| 003 - CONTROL NUMBER IDENTIFIER |
| control field |
GZU |
| 005 - DATE AND TIME OF LATEST TRANSACTION |
| control field |
20200707131642.0 |
| 008 - FIXED-LENGTH DATA ELEMENTS--GENERAL INFORMATION |
| fixed length control field |
020620s2002 nyu b 000 0 eng d |
| 010 ## - LIBRARY OF CONGRESS CONTROL NUMBER |
| LC control number |
2002283687 |
| 020 ## - INTERNATIONAL STANDARD BOOK NUMBER |
| International Standard Book Number |
0609608746 |
| 035 ## - SYSTEM CONTROL NUMBER |
| System control number |
(OCoLC)ocm49310884 |
| 040 ## - CATALOGING SOURCE |
| Original cataloging agency |
GZG |
| Transcribing agency |
GZG |
| Modifying agency |
UOK |
| -- |
LEO |
| -- |
DLC |
| 042 ## - AUTHENTICATION CODE |
| Authentication code |
lccopycat |
| 050 00 - LIBRARY OF CONGRESS CALL NUMBER |
| Classification number |
BF637 KAT 2002 |
| Item number |
K336 2002b |
| 082 00 - DEWEY DECIMAL CLASSIFICATION NUMBER |
| Classification number |
158.1 |
| Edition number |
21 |
| 100 1# - MAIN ENTRY--PERSONAL NAME |
| Personal name |
Katie, Byron. |
| 245 10 - TITLE STATEMENT |
| Title |
Loving what is : |
| Remainder of title |
four questions that can change your life / |
| Statement of responsibility, etc. |
Byron Katie written with Stephen Mitchell. |
| 250 ## - EDITION STATEMENT |
| Edition statement |
1st ed. |
| 260 ## - PUBLICATION, DISTRIBUTION, ETC. |
| Place of publication, distribution, etc. |
New York : |
| Name of publisher, distributor, etc. |
Harmony Books, |
| Date of publication, distribution, etc. |
2002. |
| 300 ## - PHYSICAL DESCRIPTION |
| Extent |
xxvi, 258 p. ; |
| Dimensions |
25 cm. |
| 504 ## - BIBLIOGRAPHY, ETC. NOTE |
| Bibliography, etc. note |
Includes bibliographical references (p. 257-258). |
| 650 #0 - SUBJECT ADDED ENTRY--TOPICAL TERM |
| Topical term or geographic name entry element |
Self-actualization (Psychology) |
| 650 #0 - SUBJECT ADDED ENTRY--TOPICAL TERM |
| Topical term or geographic name entry element |
Self-acceptance. |
| 700 1# - ADDED ENTRY--PERSONAL NAME |
| Personal name |
Mitchell, Stephen, |
| Dates associated with a name |
1943- |
| 856 42 - ELECTRONIC LOCATION AND ACCESS |
| Materials specified |
Contributor biographical information |
| Uniform Resource Identifier |
<a href="http://www.loc.gov/catdir/bios/random054/2002283687.html">http://www.loc.gov/catdir/bios/random054/2002283687.html</a> |
| 856 41 - ELECTRONIC LOCATION AND ACCESS |
| Materials specified |
Sample text |
| Uniform Resource Identifier |
<a href="http://www.loc.gov/catdir/samples/random041/2002283687.html">http://www.loc.gov/catdir/samples/random041/2002283687.html</a> |
| 856 42 - ELECTRONIC LOCATION AND ACCESS |
| Materials specified |
Publisher description |
| Uniform Resource Identifier |
<a href="http://www.loc.gov/catdir/description/random043/2002283687.html">http://www.loc.gov/catdir/description/random043/2002283687.html</a> |
| 906 ## - LOCAL DATA ELEMENT F, LDF (RLIN) |
| a |
7 |
| b |
cbc |
| c |
copycat |
| d |
2 |
| e |
ncip |
| f |
20 |
| g |
y-gencatlg |
| 942 ## - ADDED ENTRY ELEMENTS (KOHA) |
| Source of classification or shelving scheme |
Library of Congress Classification |
| Koha item type |
Books |
| Classification part |
637 |
| Item part |
KAT |
| Call number prefix |
BF |